Childhood Friend (Record no. 119852)

MARC details
000 -LEADER
fixed length control field 00412nam a2200133Ia 4500
008 - FIXED-LENGTH DATA ELEMENTS--GENERAL INFORMATION
fixed length control field 211119s9999||||xx |||||||||||||| ||und||
082 ## - DEWEY DECIMAL CLASSIFICATION NUMBER
Classification number 823
Item number BAS-C
100 ## - MAIN ENTRY--PERSONAL NAME
Personal name Basheer, Vaikom Muhammad
245 #0 - TITLE STATEMENT
Title Childhood Friend
260 ## - PUBLICATION, DISTRIBUTION, ETC.
Name of publisher, distributor, etc. Mathrubhoomi
Place of publication, distribution, etc. Kozhikodu
Date of publication, distribution, etc. 1980
300 ## - PHYSICAL DESCRIPTION
Extent 77p
650 ## - SUBJECT ADDED ENTRY--TOPICAL TERM
Topical term or geographic name entry element Literature & rhetoric
942 ## - ADDED ENTRY ELEMENTS (KOHA)
Koha item type BOOK
650 ## - SUBJECT ADDED ENTRY--TOPICAL TERM
Form subdivision English & Old English literatures English fictionMalayalam
General subdivision General Stack
Holdings
Withdrawn status Lost status Source of classification or shelving scheme Damaged status Not for loan Home library Current library Date acquired Cost, normal purchase price Total Checkouts Full call number Barcode Shelving location Date last seen Date last checked out Price effective from Koha item type
    Dewey Decimal Classification     SB LIBRARY SB LIBRARY 19/11/2021 90.00 5 823 BAS-C 00133340 GENERAL STACK 19/08/2024 16/08/2024 19/11/2021 BOOK

Powered by Koha